Věčná válka. III., Dominium /
Pokračování military sci-fi série s poručíkem Keirou Jenkinsovou. Rozhodující bitva o záchranu galaxie se blíží...
Uloženo v:
| Série: | Věčná válka (Jamie Sawyer),
část 3 |
|---|---|
| Hlavní autor: | |
| Další autoři: | |
| Médium: | E-kniha |
| Jazyk: | Czech |
| Vydáno: |
Ostrava :
Fantom Print,
2022
|
| Vydání: | 1. vydání |
| Témata: | |
| Příbuzné jednotky: | Z cyklu::
Věčná válka (Jamie Sawyer) |
| Tagy: |
Žádné tagy |
| LEADER | 02681nam a2200457 i 4500 | ||
|---|---|---|---|
| 001 | 311813 | ||
| 003 | CZ PrSKC | ||
| 005 | 20260601215712.0 | ||
| 007 | ta | ||
| 008 | 230120s2022 xr g 000 f cze | ||
| 015 | |a cnb003494963 | ||
| 020 | |a 9788075941282 |q (brožováno) | ||
| 035 | |a (OCoLC)1381700925 | ||
| 040 | |a ABG001 |b cze |e rda | ||
| 041 | 1 | |a cze |h eng | |
| 072 | 7 | |a 821.111-3 |x Anglická próza, anglicky psaná |2 Konspekt | |
| 080 | |a 821.111-31 |2 MRF | ||
| 080 | |a (0:82-311.9) |2 MRF | ||
| 100 | 1 | |a Sawyer, Jamie, |d 1979- |7 ola2017937687 |4 aut | |
| 240 | 1 | 0 | |a Dominion. |l Česky |
| 245 | 1 | 0 | |a Věčná válka. |n III., |p Dominium / |c Jamie Sawyer ; překlad Tomáš Slavík |
| 246 | 3 | 0 | |a Dominium |
| 250 | |a 1. vydání | ||
| 264 | 1 | |a Ostrava : |b Fantom Print, |c 2022 | |
| 300 | |a 318 stran ; |c 21 cm | ||
| 336 | |a text |b txt |2 rdacontent | ||
| 337 | |a bez média |b n |2 rdamedia | ||
| 338 | |a svazek |b nc |2 rdacarrier | ||
| 500 | |a Přeloženo z angličtiny | ||
| 520 | 2 | |a Pokračování military sci-fi série s poručíkem Keirou Jenkinsovou. Rozhodující bitva o záchranu galaxie se blíží... |b Teroristická organizace Černá spirála plánuje nakazit smrtícím virem celý Maelstrom. Nic je nemůže zastavit - snad kromě poručíka Jenkinsové a jejích Šakalů. Po návratu na území Aliance, s novými zbraněmi, novou výzbrojí a novými těly, dostanou Dingové tajný úkol: nalézt a kontaktovat záhadné Aeony, potenciální spojence v eskalujícím konfliktu a sílu, která by mohla změnit běh války ve prospěch Aliance. O Aeony se však nezajímá pouze Aliance; v této válce je zainteresováno mnoho stran. Jenkinsová bude muset důvěřovat svému týmu, mimozemskému Odpadlíkovi a svým instinktům, protože ji čeká nejnebezpečnější mise v její kariéře - mise, která jednou provždy rozhodne o osudu nejen Aliance, ale i celé galaxie. Nakladatelská anotace. | |
| 655 | 7 | |a anglické romány |7 fd131814 |2 czenas | |
| 655 | 7 | |a vědecko-fantastické romány |7 fd133847 |2 czenas | |
| 655 | 9 | |a English fiction |2 eczenas | |
| 655 | 9 | |a science fiction novels |2 eczenas | |
| 700 | 1 | |a Slavík, Tomáš |7 kv2017940318 |4 trl | |
| 787 | 0 | 8 | |i Z cyklu: |t Věčná válka (Jamie Sawyer) |g 3 |
| 900 | |a ABA001 |b 21 | ||
| 044 | |a xr | ||
| 910 | |a RBIT002 | ||
| 998 | |d 366452 |a https://core.palmknihy.cz/api/books/366452/cover?ro7opv |b https://core.palmknihy.cz/api/books/366452/cover/400?ro7opv |c https://core.palmknihy.cz/api/books/366452/cover/50?ro7opv |e 2027-01-14 |g 320 |i 9788075941282 |j https://core.palmknihy.cz/api/books/366452/preview.epub |l |q 49 |r 1 |s https://www.palmknihy.cz/kniha/366452 |t ebook |y 2023 |z 0 |v Věčná válka |w 3 | ||
| 999 | |d 311811 | ||